000
00313nam a2200133Ia 4500
005
20251222140113.0
008
251222s1900||||xx |||||||||||||| ||spa||
020
_a
84-205-2513-8
082
_a
170/S26
100
_a
Satué, Manuel
245
0
_a
¿Qué sabes de Ética?
264
_b
Alhambra Longman
942
_c
LIB
999
_c
4369
_d
4369